|
|
|
|
| LEADER |
00000nam a22000007a 4500 |
| 005 |
20120913182024.0 |
| 007 |
cr|||| |||| |
| 008 |
120913s2012 sp |||||s|||| 00||0 spa d |
| 035 |
|
|
|a 6631
|
| 040 |
|
|
|a vLex
|
| 090 |
|
|
|c 3417
|d 3417
|
| 100 |
|
|
|a Martn̕ez Atienza, Gorgonio
|
| 245 |
1 |
0 |
|a Comentarios a la Ley de Propiedad Horizontal
|h [Recurso electrn̤ico] :
|b Despuš de la Reforma de 2011 /
|c Gorgonio Martn̕ez Atienza
|
| 256 |
|
|
|a Servicio en ln̕ea
|
| 260 |
|
|
|a Barcelona :
|b Editorial vLex,
|c 2012
|
| 300 |
|
|
|a 1 recurso electrn̤ico
|
| 506 |
1 |
|
|a Contenido solo disponible en los productos indicados
|d vLex Global
|d vLex Global (Academic Edition, excluding Law Schools)
|d vLex Global (U.S. Academic Edition, Law Schools)
|d vLex Global (U.S. Academic Edition, excluding Law Schools)
|d vLex Global (Academic Edition, Law Schools)
|
| 650 |
0 |
4 |
|a Propiedad horizontal
|x Derecho y legislacin̤
|
| 740 |
0 |
|
|a vLex Libros (Servicio en ln̕ea)
|
| 856 |
4 |
0 |
|u http://vlex.com/source/ley-propiedad-horizontal-despues-reforma-2011-6631
|z Acceso restringido
|
| 942 |
|
|
|c BOOK
|
| 999 |
0 |
|
|a Condominiums--Law and legislation
|